Pedagogika pro učitele ekonomických směrů 2 nástin vývoje pedagogického myšlení a pedagogické praxe

Saved in:
Bibliographic Details
Main Author: Kárníková, Jitka
Corporate Author: Vysoká škola ekonomická v Praze. Národohospodářská fakulta
Other Authors: Pařízek, Vlastimil
Format: Book
Language:Czech
Published: Praha Státní pedagogické nakladatelství 1982
Tags: Add Tag
No Tags, Be the first to tag this record!

MARC

LEADER 00000nam a2200000 4500
001 c134271
005 20190425104951.3
041 0 |a cze 
044 |a CZ 
245 1 0 |a Pedagogika pro učitele ekonomických směrů 2  |b nástin vývoje pedagogického myšlení a pedagogické praxe  |c Jitka Kárníková, Vlastimil Pařízek 
264 1 |a Praha  |b Státní pedagogické nakladatelství  |c 1982 
300 |a 144 s. 
100 1 |a Kárníková, Jitka 
700 1 |a Pařízek, Vlastimil 
710 2 |a Vysoká škola ekonomická v Praze. Národohospodářská fakulta